000 00411nam a2200169Ia 4500
005 20250423094701.0
008 250422s9999 xx 000 0 und d
020 _a0-618-16383-2
050 _aQA 159 .M2487/
100 _aLarson, Ron
245 0 _aCalifornia algebra 1 : concepts, skills,
260 _aEvanston
260 _bMcDougal Littell Inc
260 _c2001
650 _aAlgebra
942 _cBK
999 _c27978
_d27978